00599 2200217 4500001002100000005001500021035002000036007000300056008004100059020002200100082001100122084001700133100002400150245008800174250001400262260003300276300002600309650002700335990000900362990001000371INLIS00000000000028620170918030614 a0010-0917000272ta170918 f 0 ind  a978-979-2409-64-2 a297.77 a297.77 HUS m0 aHusain, Huwaidi Alu1 aMendidik Generasi Ala Shahabat Nabi: Metode Pendidikan Anak Muslim /cUmar Mujtahid aIndonesia aJakarta :bGriya Ilmu,c2016 a230 hlm ;c25 x 16 cm aPENDIDIKAN AGAMA ISLAM a5886 a5886a